|
|
|
|
| LEADER |
03300nam a22004935i 4500 |
| 001 |
978-3-642-12675-8 |
| 003 |
DE-He213 |
| 005 |
20151030021220.0 |
| 007 |
cr nn 008mamaa |
| 008 |
100721s2010 gw | s |||| 0|eng d |
| 020 |
|
|
|a 9783642126758
|9 978-3-642-12675-8
|
| 024 |
7 |
|
|a 10.1007/978-3-642-12675-8
|2 doi
|
| 040 |
|
|
|d GrThAP
|
| 050 |
|
4 |
|a QD415-436
|
| 072 |
|
7 |
|a PNN
|2 bicssc
|
| 072 |
|
7 |
|a SCI013040
|2 bisacsh
|
| 082 |
0 |
4 |
|a 547
|2 23
|
| 245 |
1 |
0 |
|a Synthesis of Heterocycles via Multicomponent Reactions I
|h [electronic resource] /
|c edited by Romano V. A. Orru, Eelco Ruijter.
|
| 264 |
|
1 |
|a Berlin, Heidelberg :
|b Springer Berlin Heidelberg :
|b Imprint: Springer,
|c 2010.
|
| 300 |
|
|
|a XV, 280 p. 87 illus.
|b online resource.
|
| 336 |
|
|
|a text
|b txt
|2 rdacontent
|
| 337 |
|
|
|a computer
|b c
|2 rdamedia
|
| 338 |
|
|
|a online resource
|b cr
|2 rdacarrier
|
| 347 |
|
|
|a text file
|b PDF
|2 rda
|
| 490 |
1 |
|
|a Topics in Heterocyclic Chemistry,
|x 1861-9282 ;
|v 23
|
| 505 |
0 |
|
|a Synthesis of Heterocycles Through Classical Ugi and Passerini Reactions Followed by Secondary Transformations Involving One or Two Additional Functional Groups -- Aminoazoles as Key Reagents in Multicomponent Heterocyclizations -- The Piperazine Space in Isocyanide-based MCR Chemistry -- ?-Acidic Isocyanides in Multicomponent Chemistry -- Microreactor Technology as an Efficient Tool for Multicomponent Reactions -- Cyclic Peptidomimetics and Pseudopeptides from Multicomponent Reactions -- ?-Diketo Building Blocks for MCRs-Based Syntheses of Heterocycles.
|
| 520 |
|
|
|a Contents: L. Banfi ∙ A. Basso ∙ R. Riva: Synthesis of Heterocycles Through Classical Ugi and Passerini Reactions Followed by Secondary Transformations Involving One or Two Additional Functional Groups.- V.A. Chebanov ∙ K. A. Gura ∙ S.M. Desenko: Aminoazoles as Key Reagents in Multicomponent Heterocyclizations.- Y. Huang ∙ K. Khoury ∙ A. Dömling: Piperazine Scaffolds by Multicomponent 3 Reactions: The Piperazine Space 4 in MCR Chemistry 5 Deep MCR Piperazine Space.- N. Elders ∙ E. Ruijter ∙ V.G. Nenajdenko ∙ R.V.A. Orru: α-Acidic Isocyanides in Multicomponent Chemistry.- A. Cukalovic ∙ J.-C.M.R. Monbaliu ∙ C.V. Stevens: Microreactor Technology as an Efficient Tool for Multicomponent Reactions.- L.A. Wessjohann ∙ C.R.B. Rhoden ∙ D.G. Rivera ∙ O. Eichler Vercillo: Cyclic Peptidomimetics and Pseudopeptides from Multicomponent Reactions.- M. del Mar Sanchez Duque ∙ C. Allais ∙ N. Isambert ∙ T. Constantieux ∙ J. Rodriguez: ß-Diketo Building Blocks for MCRs-Based Syntheses of Heterocycles.
|
| 650 |
|
0 |
|a Chemistry.
|
| 650 |
|
0 |
|a Biochemical engineering.
|
| 650 |
|
0 |
|a Organic chemistry.
|
| 650 |
|
0 |
|a Medicinal chemistry.
|
| 650 |
1 |
4 |
|a Chemistry.
|
| 650 |
2 |
4 |
|a Organic Chemistry.
|
| 650 |
2 |
4 |
|a Biochemical Engineering.
|
| 650 |
2 |
4 |
|a Medicinal Chemistry.
|
| 700 |
1 |
|
|a Orru, Romano V. A.
|e editor.
|
| 700 |
1 |
|
|a Ruijter, Eelco.
|e editor.
|
| 710 |
2 |
|
|a SpringerLink (Online service)
|
| 773 |
0 |
|
|t Springer eBooks
|
| 776 |
0 |
8 |
|i Printed edition:
|z 9783642126741
|
| 830 |
|
0 |
|a Topics in Heterocyclic Chemistry,
|x 1861-9282 ;
|v 23
|
| 856 |
4 |
0 |
|u http://dx.doi.org/10.1007/978-3-642-12675-8
|z Full Text via HEAL-Link
|
| 912 |
|
|
|a ZDB-2-CMS
|
| 950 |
|
|
|a Chemistry and Materials Science (Springer-11644)
|